00301nam a2200121Ia 45000030006000000080041000060400015000471000025000622450026000872600037001135460012001500050017001620STCL150530s9999 xx 000 0 und d aSTCLcSTCL aHouseman; Carter; Ed aConfines of criticism bCambridge university pressc1969 aEnglish20220125170903.0